| 000 | 01113cam a2200229 4500500 | ||
|---|---|---|---|
| 005 | 20260111132233.0 | ||
| 041 | _afre | ||
| 042 | _adc | ||
| 100 | 1 | 0 |
_aQueffelec, Anne _eauthor |
| 700 | 1 | 0 |
_aRousselet, Léa _eauthor |
| 245 | 0 | 0 | _aEnquête sur la co-soignance |
| 260 | _c2025. | ||
| 500 | _a32 | ||
| 520 | _aCet écrit est le compte-rendu d’une enquête de terrain menée par une pensionnaire et une monitrice. Il offre un éclairage sur le concept de co-soignance dans l’institution qu’est la clinique de La Chesnaie, où des questions ont été posées pendant quelques mois aux soignants et aux soignés : parfois en individuel, parfois à plusieurs autour d’un café, quelquefois également entre deux portes ou lors d’une balade en forêt. | ||
| 690 | _aaccueil | ||
| 690 | _aCo-soignance | ||
| 690 | _aentraide | ||
| 690 | _agentillesse | ||
| 690 | _asolidarité | ||
| 786 | 0 | _nVST - Vie sociale et traitements | 168 | 4 | 2025-12-05 | p. 41-43 | 0396-8669 | |
| 856 | 4 | 1 | _uhttps://shs.cairn.info/revue-vst-vie-sociale-et-traitements-2025-4-page-41?lang=fr&redirect-ssocas=7080 |
| 999 |
_c1634624 _d1634624 |
||